Investigaciones sobre juventud en América Latina: banco de datos de CLACSO 1986-1989
Recopilación de investigaciones sobre Juventud en América Latina, patrocinadas por el International Development Research Centre (IDRC), de Canadá y la Organization for Economic Cooperation and Development (DECD), de Francia. Estas investigaciones se encuentran en el Banco de Datos de CLACSO del año...
Enregistré dans:
| Collectivité auteur: | |
|---|---|
| Format: | Texte |
| Langue: | Spanish |
| Publié: |
Buenos Aires:
CLACSO,
1989
|
| Sujets: | |
| Tags: |
Ajouter un tag
Pas de tags, Soyez le premier à ajouter un tag!
|
MARC
| LEADER | 00000 a a2200000 04500 | ||
|---|---|---|---|
| 001 | 1136 | ||
| 003 | cru CIDCACS/IIS | ||
| 005 | 20200820151708.0 | ||
| 008 | 200820b ||||| |||| 00| 0 spa d | ||
| 999 | |c 4090 |d 4090 | ||
| 040 | |c cru CIDCACS/IIS | ||
| 090 | |a 10009.00 | ||
| 110 | |a CLACSO | ||
| 245 | |a Investigaciones sobre juventud en América Latina: banco de datos de CLACSO 1986-1989 | ||
| 260 | |a Buenos Aires: |b CLACSO, |c 1989 | ||
| 300 | |a 15 p | ||
| 520 | |a Recopilación de investigaciones sobre Juventud en América Latina, patrocinadas por el International Development Research Centre (IDRC), de Canadá y la Organization for Economic Cooperation and Development (DECD), de Francia. Estas investigaciones se encuentran en el Banco de Datos de CLACSO del año 1986 a 1989. Están enumeradas según el registro cronológico de las oficinas de CLACSO, donde se deben consultar los índices: geográfico, de autores, temático y índice de instituciones. Algunas tratan sobre el mercado laboral, perfil sociocultural y sus formas de expresión, la enseñanza técnico profesional, la enseñanza media, metas, caminos y posibilidades de los jóvenes, economía de la familia, movimientos sociales ante la crisis y, otros temas sobre la juventud latinoamericana. VJ/JM | ||
| 650 | |a JUVENTUD | ||
| 650 | |a DISTRIBUCION POR EDAD | ||
| 650 | |a ORGANIZACIONES JUVENILES | ||
| 650 | |a INVESTIGACION | ||
| 651 | 0 | |9 17 |a AMERICA LATINA | |
| 942 | |2 ddc |c LI | ||
